Cities that Beat New York - Statistics

General Stats
  • This quiz has been taken 28,854 times
    26,134 since last reset
  • The average score is 10 of 15
Answer Stats
Rank Category Cities % Correct
7 Tallest building Dubai | Kuala Lumpur | Shanghai | Mecca | Shenzhen | Seoul
94%
3 Most populous urban area in the Americas Mexico City | São Paulo
93%
5 Northernmost megacity (urban population > 10 million) Moscow | London | Paris | Istanbul
92%
7 Most Michelin star restaurants (2024) Tokyo | Kyoto | Paris | Osaka | London | Hong Kong
86%
6 (t) Most populous city in the year 1850 London | Paris | Beijing | Guangzhou | Istanbul
80%
4 Urban area with the earliest pizza restaurant Naples | Rome | Venice
75%
2 Most airport passengers (counting all airports serving the city) London
73%
3 Most skyscrapers Hong Kong | Shenzhen
63%
2 Most populous city in the U.S. in 1776 Philadelphia
62%
2 Urban area with the most Jewish people Tel Aviv
61%
5 Most populous urban area whose city center is on an island Tokyo | Jakarta | Manila | Mumbai
59%
2 City with the most valuable sports franchise (hint: the most valuable is an NFL team) Dallas
56%
4 Most metro rail stations Shanghai | Guangzhou | Seoul
51%
2 Most populous urban area which was once a Dutch colony Jakarta
50%
9 Oldest continuously-inhabited city in the 50 states of the U.S. Saint Augustine | Santa Fe | Hopewell | Albany | Taos | Plymouth | Dover | Gloucester
41%
No matching quizzes found
Score Distribution
Percent of People with Each Score
Percentile by Number Answered
Your Score History
You have not taken this quiz since the last reset